000 00635nam a2200229Ia 4500
005 20250508164410.0
008 008 250505s9999 xx 000 0 hin d
020 _a81-7016-216-5
037 _aTextual
040 _aFEDL
_beng
_cFEDL
041 _ahin
_2eng
084 _a891.433, VIS
_qFEDL
100 _aVishnu Prabhakar
245 0 _aDus pratinidhi kahaniyan
260 _aNew Delhi, India
_bKitab Ghar Parkashan
_c2006
300 _a92p.
365 _aINR
_b100
490 _aDus pratinidhi kahaniyan
650 _aFiction - Hindi
_9778028
942 _cTEXL
_h891.433, VIS
999 _c1388944
_d1388944